000 00556nam a2200193Ia 4500
005 20250508160209.0
008 008 250505s9999 xx 000 0 eng d
037 _aBooks to be hide in OPAC
040 _aFEDL
_beng
_cFEDL
041 _aeng
_2eng
084 _qFEDL
100 _aSwiggett Glen Levin Co.
_9768105
245 0 _aTraining for foreign service
260 _aWashington, USA
_bU.S. Government Printing Office
_c1922
300 _avi,154p.
546 _aBulletin, 1921, No. 27; Weeded out
942 _cHB
999 _c1362596
_d1362596